2000's Movie by Screenshot #5 - Statistics

General Stats
  • This quiz has been taken 281 times
  • The average score is 14 of 20
Answer Stats
Picture Answer % Correct
Scooby Doo
95%
Madagascar
94%
Wall-E
94%
Lilo & Stitch
93%
The Fast and the Furious
88%
Legally Blonde
82%
The Polar Express
80%
The Chronicles of Narnia: The Lion, the Witch, and the Wardrobe
78%
White Chicks
78%
8 Mile
73%
Mr and Mrs Smith
70%
Zombieland
68%
Bruce Almighty
66%
The Matrix: Revolutions
62%
Love Actually
57%
National Treasure
55%
The Last Samurai
49%
The Departed
46%
The Wrestler
35%
Kung Fu Hustle
12%
No matching quizzes found
Score Distribution
Percent of People with Each Score
Percentile by Number Answered
Your Score History
You have not taken this quiz